Economic survey, Assam (Record no. 503472)
[ view plain ]
| 000 -LEADER | |
|---|---|
| fixed length control field | 00399cam a22001217a 4500 |
| 008 - FIXED-LENGTH DATA ELEMENTS--GENERAL INFORMATION | |
| fixed length control field | 180718b xxu||||| |||| 00| 0 eng d |
| 082 ## - DEWEY DECIMAL CLASSIFICATION NUMBER | |
| Classification number | T19x5411 As72 |
| 245 ## - TITLE STATEMENT | |
| Title | Economic survey, Assam |
| Statement of responsibility, etc. | by Directorate of Economics & Statistics, Assam |
| 260 ## - PUBLICATION, DISTRIBUTION, ETC. | |
| Place of publication, distribution, etc. | Gauhati |
| Name of publisher, distributor, etc. | Government of Assam |
| Date of publication, distribution, etc. | |
| 500 ## - GENERAL NOTE | |
| General note | Library has 1982/83, 1983/84 |
| 650 ## - SUBJECT ADDED ENTRY--TOPICAL TERM | |
| Topical term or geographic name entry element | Survey |
| 700 ## - ADDED ENTRY--PERSONAL NAME | |
| Personal name | Assam. Directorate of Economics & Statistics |
| Withdrawn status | Lost status | Damaged status | Not for loan | Permanent Location | Current Location | Date acquired | Full call number | Barcode | Date last seen | Price effective from | Koha item type |
|---|---|---|---|---|---|---|---|---|---|---|---|
| Indian Institute of Public Administration | Indian Institute of Public Administration | 2018-08-04 | T19x5411 As72 | GG32718 | 2018-08-04 | 2018-08-04 | GG | ||||
| Indian Institute of Public Administration | Indian Institute of Public Administration | 2018-08-04 | T19x5411 As72 | GG31929 | 2018-08-04 | 2018-08-04 | GG | ||||
| Indian Institute of Public Administration | Indian Institute of Public Administration | 2018-08-04 | T19x5411 As72 | GG31654 | 2018-08-04 | 2018-08-04 | GG | ||||
| Indian Institute of Public Administration | Indian Institute of Public Administration | 2018-08-04 | T19x5411 As72 | GG31653 | 2018-08-04 | 2018-08-04 | GG | ||||
| Indian Institute of Public Administration | Indian Institute of Public Administration | 2018-08-04 | T19x5411 As72 | GG31455 | 2018-08-04 | 2018-08-04 | GG |
